Doing business 2013 : Egypt, Arab Rep..

Bibliographic Details
Format: Book
Published: Washington D.C: The World Bank, 2013.
Edition:10th ed.
Subjects:
LEADER 00517cam a2200157 7i4500
001 0000030157
005 20130918090000.0
090 0 0 |a EGPT 338.7   |b DOI 
245 0 0 |a Doing business 2013 :   |b Egypt, Arab Rep.. 
250 0 0 |a 10th ed. 
260 0 0 |a Washington D.C:   |b The World Bank,   |c 2013. 
300 # # |a 114 p. 
650 0 0 |a Doing business --   |z Egypt, Arab Republic  
651 0 0 |a Egypt, Arab Republic  
999 |a 0000033166  |b Book  |c Countries  |e Business Information Centre 
999 |a 0000032994  |b Book  |c Countries  |e Business Information Centre